Devine la collaboration sneakers - Statistiques

Statistiques générales
  • Ce quiz a été pris 38 fois
  • Le résultat moyen est 7 sur 16
Statistiques - réponses
Par images Réponse % Correct
Travis Scott
94%
Off-White
84%
Sacai
74%
Bape
65%
Sean Wotherspoon
65%
Union
61%
Bad Bunny
58%
A ma manière
55%
Kanye West
32%
L'art de l'automobile
23%
Salehe Bembury
23%
Aime Leon Dore
19%
Verdy
19%
Colette
16%
Jeff Staples
3%
Peaceminus
3%
Aucun quiz correspondant
Distribution des résultats
% des personnes avec chaque résultat
Percentile par nombre de réponses
Votre historique - résultats
Vous n’avez pas pris ce quiz